Sententia legum tra mondo antico e moderno

Zapisane w:
Opis bibliograficzny
1. autor: Casavola, Francesco Paolo (Autor)
Format: Książka
Język:włoski
Wydane: Nápoles Jovene 2001
Seria:Antiqva, 87
Hasła przedmiotowe:
Etykiety: Dodaj etykietę
Nie ma etykietki, Dołącz pierwszą etykiete!

MARC

LEADER 00000nam a2200000 a 4500
001 UCK9037
003 CL-VaPUC
008 060413e20010000IT |||||||||||||||||ita|d
020 |a 8824314066v.2 
082 0 4 |a 340.54  |b CAS  |2 21 
100 0 |a Casavola, Francesco Paolo  |e author  |9 498793 
245 1 0 |a Sententia legum tra mondo antico e moderno 
300 |a v 
942 |c BK 
945 |d 20060413 00:00:00  |a jtorresc 
260 |a Nápoles  |b Jovene  |c 2001 
500 |a v.2: Metodología e storia della storiografía 
650 0 |a Derecho romano  |9 255930 
583 |a last modification  |c 20060413 00:00:00  |k Rodrigo Vera 
490 0 |a Antiqva, 87 
999 |c 316385  |d 316383 
952 |0 0  |1 0  |4 0  |6 340_540000000000000_CAS_2001  |7 0  |8 DER_ROM  |9 390731  |a BIBDER  |b BIBDER  |d 2019-11-22  |h v.2  |i 4215052  |l 1  |o 340.54 CAS 2001  |p 4215052  |r 2023-01-25  |s 2020-03-19  |w 2019-11-22  |x Ubicación 4to piso  |y BK  |z Este recurso debe solicitarse con anticipación  |k DER